Представление документа в формате RUSMARC

ПолеНазваниеЗначение
  Тип записи a
  Библиографический уровень m
001 Контрольный номер ac86a6d31cf74d65b6736c7dac3cf500
005 Дата корректировки 20260618111350.5
010 Индекс ISBN __
b Уточнения В пер.
100 Данные общей обработки __
a Данные общей обработки 20240628d2024 d y0rusy028902 ca
101 Язык документа 0_
a Язык текста rus
102 Страна публикации __
a Страна публикации RU
105 Кодированные данные (монография) __
a Кодированные данные (монография) y z 000ay
181 Поле кодированных данных: вид содержания _0
a Код вида содержания (ISBD) i
182 Поле кодированных данных: тип средства _0
a Код типа средства (ISBD) n
200 Заглавие и сведения об ответственности 1_
a Заглавие Человек-амфибия
e Сведения, относящиеся к заглавию [роман] : в 2 книгах
f Первые сведения об ответственности Александр Беляев
203 Вид содержания и тип средства __
a Вид содержания Текст
c Тип средства непосредственный
210 Выходные данные 1_
a Место издания Москва
c Издательство Чинар
d Дата издания 2024
215 Физическое описание __
d Формат 21 см
225 Серия 2_
a Серия Круг чтения
e Сведения, относящиеся к заглавию серии издание для слабовидящих
300 Общие примечания __
a Общие примечания Текст печатается по изданию: Беляев А. Человек-амфибия. - Москва : Речь, 2018. - ISBN 978-5-9268-2889-1
330 Аннотация __
a Аннотация Роман "Человек-амфибия", написанный в 1927 году, до сих пор остается популярным у читателей. Местом действия автор избрал далекую Аргентину - и захватывающий сюжет, разворачивающийся на этом экзотическом фоне, не позволяет расслабиться ни на минуту. Однажды гениальный ученый доктор Сальватор спас жизнь маленькому мальчику, пересадив ему жабры молодой акулы, а потом оставил ребенка у себя и стал воспитывать его сам. Так на свет появился Ихтиандр - человек-амфибия. От обычных людей его отличает необыкновенная способность долгое время находиться под водой. Большую часть времени юноша проводит в море, в окружении рыб, дельфинов и прочих подводных жителей. Но все меняется, когда рядом с ним появляется та, ради которой он готов изменить свою судьбу. Теперь Ихтиандр должен выбирать: жить и дальше привычной свободной жизнью в бескрайнем океане или попытаться стать своим в суровом мире людей.
333 Примечание о целевом назначении __
a Примечание о целевом назначении 12+. Для детей старше 12 лет
606 Тематические рубрики __
2 Код системы nlr_sh
a Основная рубрика Художественная литература
606 Тематические рубрики __
2 Код системы nlr_sh
a Основная рубрика Русская литература XX в. (произведения)
z Хронологическая подрубрика 20 в. 1-я пол.
610 Ключевые слова 0_
a Ключевые слова Ихтиандр
610 Ключевые слова 0_
a Ключевые слова литературные герои
610 Ключевые слова 0_
a Ключевые слова литературные персонажи
610 Ключевые слова 0_
a Ключевые слова научная фантастика
610 Ключевые слова 0_
a Ключевые слова научно-фантастические романы
610 Ключевые слова 0_
a Ключевые слова романы
610 Ключевые слова 0_
a Ключевые слова советская литература
610 Ключевые слова 0_
a Ключевые слова экранизированные книги
610 Ключевые слова 0_
a Ключевые слова фантастические романы
610 Ключевые слова 0_
a Ключевые слова фантастика
610 Ключевые слова 0_
a Ключевые слова советская фантастика
610 Ключевые слова 0_
a Ключевые слова тема любви
610 Ключевые слова 0_
a Ключевые слова тема обмана
610 Ключевые слова 0_
a Ключевые слова тема предательства
610 Ключевые слова 0_
a Ключевые слова тема приключений
610 Ключевые слова 0_
a Ключевые слова тема человека
610 Ключевые слова 0_
a Ключевые слова детская литература
610 Ключевые слова 0_
a Ключевые слова подростковая литература
610 Ключевые слова 0_
a Ключевые слова Александр Романович
686 Индексы других классификаций __
2 Код системы rubbks
a Классификационный индекс 84(2=411.2)6-445я07; ст84(2=411.2)6-445я0
700 Автор _1
a Фамилия Беляев
b Имя А. Р.
f Даты 1884-1942
g Полное личное имя Александр Романович
4 Код отношения 070
801 Источник записи _0
a Страна RU
b Организация Муниципальное бюджетное учреждение культуры "Централизованная библиотечная система" г. Сургут (Центральная городская библиотека им. А. С. Пушкина)
c Дата составления 20240628
g Правила каталогизации PSBO
801 Источник записи _1
a Страна RU
b Организация Муниципальное бюджетное учреждение культуры "Централизованная библиотечная система" г. Сургут (Центральная городская библиотека им. А. С. Пушкина)
c Дата составления 20240628
g Правила каталогизации PSBO
852 Данные о местонахождении __
i Авторский знак Б 44
j Шифр хранения 84(2=411.2)6-445я07
901 Тип документа __
a Ответственный ООФиК/Губина
t Тип документа v
903 Характеристики (МАРС) __
a Дата передачи 20240628
c Наименование библиотеки (МАРС) Муниципальное бюджетное учреждение культуры "Централизованная библиотечная система" г. Сургут (Центральная городская библиотека им. А. С. Пушкина)